Southville International School and Colleges
Your cart is empty.
  • Cart
  • Lists
    Public lists Eva Luna New books Lux_list list_1
    Your lists Log in to create your own lists
  • Log in to your account
  • Your cookies
  • Search history
Southville International School and Colleges
  • Advanced search
  • Recent comments
  • Most popular
  • Libraries

Log in to your account

Log in with GOOGLE


If you do not have an external account, but do have a local account, you can still log in:

  1. Home
  2. MARC view: Winners and losers /
Normal view MARC view ISBD view

Winners and losers / (Record no. 110957)

[ view plain ]
MARC details
000 -LEADER
fixed length control field 00807nam a2200217 a 4500
001 - CONTROL NUMBER
control field 1822
005 - DATE AND TIME OF LATEST TRANSACTION
control field 20140414131906.0
008 - FIXED-LENGTH DATA ELEMENTS--GENERAL INFORMATION
fixed length control field 010330s19uu xx 00 eng d
020 ## - INTERNATIONAL STANDARD BOOK NUMBER
International Standard Book Number 0-689-80165-3
050 ## - LIBRARY OF CONGRESS CALL NUMBER
Classification number FIC
Item number H65 1993
100 ## - MAIN ENTRY--PERSONAL NAME
Personal name Hoffius, Stephen
245 ## - TITLE STATEMENT
Title Winners and losers /
Statement of responsibility, etc Stephen Hoffius.
260 ## - PUBLICATION, DISTRIBUTION, ETC. (IMPRINT)
Place of publication, distribution, etc New York :
Name of publisher, distributor, etc Aladdin Paperbacks,
Date of publication, distribution, etc 1993.
300 ## - PHYSICAL DESCRIPTION
Extent 165 p. ; cm.
520 ## - SUMMARY, ETC.
Summary, etc When a heart condition threatens to curtail his friend Daryl's track career, Curt finds himself taking Daryl's place as lead contender for the conference championship as the new obsession of Daryl's driven father.
650 ## - SUBJECT ADDED ENTRY--TOPICAL TERM
Topical term or geographic name as entry element Track and field
General subdivision Fiction.
650 ## - SUBJECT ADDED ENTRY--TOPICAL TERM
Topical term or geographic name as entry element Fathers and sons
General subdivision Fictions.
650 ## - SUBJECT ADDED ENTRY--TOPICAL TERM
Topical term or geographic name as entry element Friendship
General subdivision Fiction.
650 ## - SUBJECT ADDED ENTRY--TOPICAL TERM
Topical term or geographic name as entry element Fathers and sons
General subdivision Fiction.
Holdings
Withdrawn status Lost status Damaged status Use restrictions Home library Current library Shelving location Date acquired Source of acquisition Total Checkouts Full call number Barcode Date last seen Price effective from Koha item type
        Munich Library Munich Library Fiction Section 12/23/2004     FIC H65 1993 M1494 04/14/2014 04/14/2014 Books

Winners and losers /

APA

Hoffius S., . (1993). Winners and losers. New York: Aladdin Paperbacks.

Chicago

Hoffius Stephen, . 1993. Winners and losers. New York: Aladdin Paperbacks.

Harvard

Hoffius S., . (1993). Winners and losers. New York: Aladdin Paperbacks.

MLA

Hoffius Stephen, . Winners and losers. New York: Aladdin Paperbacks. 1993.

  • Place hold
  • Print
  • Cite
  • Add to your cart (remove)
  • Save record
    BIBTEX Dublin Core MARCXML MARC (non-Unicode/MARC-8) MARC (Unicode/UTF-8) MARC (Unicode/UTF-8, Standard) MODS (XML) RIS
  • More searches
    Search for this title in:
    Other Libraries (WorldCat) Other Databases (Google Scholar) Online Stores (Bookfinder.com) Open Library (openlibrary.org)

Exporting to Dublin Core...

SOUTHVILLE LIBRARY

Southville International School and Colleges Library

1281 Tropical Ave. Cor. Luxembourg St., BF Homes International, Las Pinas City

Tel. No. 8256374 / 252358 Loc. 117/146

Powered by Koha